MARC

LEADER 00000nam0a2200000 4500
001 316943
005 20231102002927.0
035 |a (RuTPU)RU\TPU\book\342411 
090 |a 316943 
100 |a 20160401d1961 k y0rusy50 ca 
101 0 |a rus 
102 |a RU 
105 |a a z 001zy 
200 1 |a Повышение параметров пара и мощности агрегатов в теплоэнергетике  |e сборник статей  |f под ред. А. С. Горшкова [и др.] 
210 |a Москва  |a Ленинград  |c Госэнергоиздат  |d 1961 
215 |a 514 с.  |c ил.  |e 1 л. черт. 
320 |a Библиогр.: с. 508-514 
606 1 |a Тепловые электрические станции  |x Теплосиловое оборудование высокого давления  |2 stltpush  |3 (RuTPU)RU\TPU\subj\59696  |9 77197 
610 1 |a водоподготовка 
610 1 |a водный режим 
610 1 |a металл 
610 1 |a арматура 
610 1 |a топливо 
610 1 |a сжигание 
610 1 |a котельные агрегаты 
610 1 |a паровые турбины 
610 1 |a блочные установки 
610 1 |a автоматизация 
675 |a 621.311.22.002.5:621.1  |v 4 
702 1 |a Горшков  |b А. С.  |g Алексей Сергеевич  |4 340 
702 1 |a Дорощук  |b В. Е.  |4 340 
702 1 |a Кузнецов  |b Н. В.  |4 340 
801 1 |a RU  |b 63413507  |c 20160401 
801 2 |a RU  |b 63413507  |c 20191015  |g RCR 
942 |c BK